=LDR 00000nam 2200000 4500 =001 NUTBA000000000004306 =005 20140910141850.0 =006 =007 =008 =020 ##$$a 978-979-078-350-8 =035 ##$$a 0010-091400000000339 =040 ##$$a NBPDMAT =082 ##$$a 543 =084 ##$$a 543 Fer k =100 ##$$a Feri Kusnandar =245 ##$$a Kimia pangan : Komponen Mikro / $c Feri Kusnandar =260 ##$$a Jakarta : $b Ala RAkyat, $c 2010 =300 ##$$a Jil : $b ilus. ; $c 22 cm. =650 ##$$a kimia program =990 ##$$a 21411062 =990 ##$$a 0001/BPAP-NTB/20142014 =990 ##$$a 0001/BPAP-NTB/20142014 =990 ##$$a 0001/BPAP-NTB/20142014 =990 ##$$a 0001/BPAP-NTB/20142014 =990 ##$$a 0001/BPAP-NTB/20142014